00880nam a2200181 a 450000100100000000500170001000800410002704000250006811000470009324500430014024600660018326000720024930000240032195201200034595201050046595201110057099900170068100004489020201002045716.0150115s2014 dr c 000 0 spa d aDO-SdBNPbspacBNPHU2 aUniversidad Católica Santo Domingo9147810aSexagésima Graduación Ordinaria /.13aSexagésima Graduación Ordinaria 12 y 13 de junio del 2014 aSanto Domingo :bFundación Universitaria Católica (FUC),c2014. a[32] p. : ;c22 cm. 001054708DSaGRbGRcHDd2015-01-15iLF1l0o p44890-30r2020-06-25te. 3w2020-06-25yLFDSZPréstamo en sala 0010718PDaPDbPDcHDd2015-01-15iLF1l0o p44890-10r2020-06-25w2020-06-25yLFPDZNo se presta 0010718PDaPDbPDcHDd2015-01-15iLF1l0o p44890-20r2020-06-25te. 2w2020-06-25yLFPDZNo se presta c44379d44379